00643nam a2200205 a 450000100060000000300080000600500170001400800410003102000160007203500190008804000270010704100080013408200290014210000320017124500920020326000500029530000200034550400500036565000220041523623BD-RjUL20211209000942.0140311s1988 ii b 001 0 eng d a8171000657  a(BD-RjUL)23688 aDLCcDLCbengdBD-RjUL aeng a354.540313219bKRI 19881 aKrishna Iyer, V. R.,d1915-14aThe Indian presidency :bnascent challenges and novel responses /cby V.R. Krishna Iyer aNew Delhi :bDeep & Deep Publications,cc1988 a123 p. ;c22 cm aIncludes bibliographical references and index 0aPresidentszIndia